[Event "GER-ch60 V01 email"]
[Site "GER email"]
[Date "2011.??.??"]
[Round "?"]
[White "Gierth, Karlheinz"]
[Black "Mathes, Werner"]
[Result "0-1"]
[WhiteElo "2187"]
[BlackElo "1943"]
[PlyCount "100"]
[EventDate "2011.??.??"]
[EventType "tourn (corr)"]
[EventRounds "6"]
[EventCountry "GER"]
[SourceTitle "Corr 2015"]
[Source "ChessBase"]
[SourceDate "2015.07.17"]
[SourceVersion "1"]
[SourceVersionDate "2015.07.17"]
[SourceQuality "1"]

1. c4 e6 2. g3 d5 3. Bg2 c6 4. d4 Nf6 5. Nf3 Be7 6. Qc2 Ne4 7. 0-0 0-0 8. Nc3 f5 9. Bf4 Nd7 10. Nxe4 fxe4 11. Ne5 Bg5 12. e3 Nxe5 13. Bxe5 Bf6 14. Bxf6 gxf6 15. f3 exf3 16. Bxf3 f5 17. Rac1 Rf7 18. Qd3 Bd7 19. Kh1 Rg7 20. Rc3 Kh8 21. Rc2 Be8 22. Qe2 Qg5 23. Rc3 a6 24. a4 Bf7 25. cxd5 exd5 26. b4 Be8 27. Bg2 Bd7 28. Qd2 Re8 29. Rf4 Rg6 30. b5 axb5 31. axb5 Ra8 32. Rb3 Rh6 33. Kg1 Qh5 34. Bf1 Rg8 35. bxc6 bxc6 36. Rb1 Qf7 37. Bd3 Rf6 38. Qf2 Ra8 39. g4 Qe8 40. Kh1 Ra3 41. Qe2 Qc8 42. Re1 c5 43. dxc5 Qxc5 44. Qb2 Qc3 45. Qb8+ Kg7 46. Qd8 Qxe1+ 47. Bf1 Ra7 48. Qe7+ Rf7 49. Qe5+ Kg6 50. Qf6+ Rxf6 0-1

[Event "GER-ch63 V02 email"]
[Site "GER email"]
[Date "2011.??.??"]
[Round "?"]
[White "Just, Joachim"]
[Black "Mathes, Werner"]
[Result "1/2-1/2"]
[WhiteElo "1940"]
[BlackElo "1943"]
[PlyCount "38"]
[EventDate "2011.02.21"]
[EventType "tourn (corr)"]
[EventRounds "6"]
[EventCountry "GER"]
[SourceTitle "Corr 2015"]
[Source "ChessBase"]
[SourceDate "2015.07.17"]
[SourceVersion "1"]
[SourceVersionDate "2015.07.17"]
[SourceQuality "1"]

1. g3 d5 2. f4 Nf6 3. Bg2 c6 4. Nf3 Qb6 5. Nc3 g6 6. Na4 Qa5 7. b3 Bg7 8. Bb2 Nbd7 9. Bc3 Qc7 10. Ne5 b6 11. 0-0 0-0 12. Nxd7 Bxd7 13. Be5 Qc8 14. Nb2 Bh3 15. Nd3 Bxg2 16. Kxg2 c5 17. e3 Ne4 18. Bxg7 Kxg7 19. Nf2 Nxf2 1/2-1/2

[Event "GER-ch49 V2 email"]
[Site "GER email"]
[Date "2008.10.20"]
[Round "?"]
[White "Mathes, Werner"]
[Black "Drobusch, Reinhard"]
[Result "1-0"]
[WhiteElo "1950"]
[BlackElo "1917"]
[PlyCount "55"]
[EventDate "2008.??.??"]
[EventType "tourn (corr)"]
[EventRounds "10"]
[EventCountry "GER"]
[SourceTitle "Corr 2011"]
[Source "ChessBase"]
[SourceDate "2010.08.31"]
[SourceVersion "1"]
[SourceVersionDate "2010.08.31"]
[SourceQuality "1"]

1. e4 c5 2. Nc3 Nc6 3. g3 g6 4. Bg2 Bg7 5. d3 e5 6. Be3 d6 7. Qd2 Nge7 8. Bh6 0-0 9. Bxg7 Kxg7 10. f4 Nd4 11. 0-0-0 Qa5 12. h4 Bg4 13. Rf1 Nec6 14. h5 Nb4 15. f5 Nxa2+ 16. Nxa2 Qxd2+ 17. Kxd2 gxf5 18. c3 Ne6 19. exf5 Rg8 20. c4 Nd4 21. f6+ Kf8 22. Nc3 h6 23. Bd5 Nb3+ 24. Ke3 Rd8 25. Bxb7 Rb8 26. Be4 Nd4 27. Rf2 a5 28. Rh4 1-0

[Event "GER-ch39 V01 email"]
[Site "GER email"]
[Date "2007.04.30"]
[Round "?"]
[White "Mathes, Werner"]
[Black "Schorra, Helmut"]
[Result "1/2-1/2"]
[WhiteElo "1941"]
[BlackElo "2136"]
[PlyCount "47"]
[EventDate "2007.??.??"]
[EventType "tourn (corr)"]
[EventRounds "9"]
[EventCountry "GER"]
[SourceTitle "Corr 2011"]
[Source "ChessBase"]
[SourceDate "2010.08.31"]
[SourceVersion "1"]
[SourceVersionDate "2010.08.31"]
[SourceQuality "1"]

1. e4 c5 2. Nc3 Nc6 3. g3 g6 4. Bg2 Bg7 5. d3 d6 6. Be3 Rb8 7. Qd2 b5 8. f4 b4 9. Nd1 e6 10. Nf3 Nd4 11. 0-0 Ne7 12. c3 bxc3 13. bxc3 Nxf3+ 14. Bxf3 0-0 15. d4 cxd4 16. Bxd4 Qc7 17. Bxg7 Kxg7 18. Ne3 Qc5 19. Qd4+ Qxd4 20. cxd4 Bb7 21. Rac1 Rbc8 22. Rb1 Rc7 23. Rb2 Rfc8 24. Nc4 1/2-1/2

[Event "GER-ch39 V01 email"]
[Site "GER email"]
[Date "2007.04.30"]
[Round "?"]
[White "Mathes, Werner"]
[Black "Traut, Werner"]
[Result "0-1"]
[WhiteElo "1961"]
[BlackElo "2109"]
[PlyCount "72"]
[EventDate "2007.??.??"]
[EventType "tourn (corr)"]
[EventRounds "9"]
[EventCountry "GER"]
[SourceTitle "Corr 2011"]
[Source "ChessBase"]
[SourceDate "2010.08.31"]
[SourceVersion "1"]
[SourceVersionDate "2010.08.31"]
[SourceQuality "1"]

1. e4 c5 2. Nc3 Nc6 3. g3 g6 4. Bg2 Bg7 5. d3 d6 6. Be3 Rb8 7. Qd2 b5 8. f4 b4 9. Nd1 Qc7 10. Ne2 Nh6 11. h3 f5 12. d4 cxd4 13. Nxd4 fxe4 14. Nxc6 Qxc6 15. Bxa7 Rb7 16. Bf2 d5 17. Bd4 e6 18. Bxg7 Rxg7 19. Qxb4 Qxc2 20. 0-0 Rb7 21. Qa3 Qc7 22. g4 Qb6+ 23. Rf2 Nf7 24. Rc1 Bd7 25. Qg3 0-0 26. Kh2 Nd6 27. Nc3 Bb5 28. Nxb5 Nxb5 29. Rcf1 Nd6 30. b3 Rbf7 31. Rc2 d4 32. Rcc1 d3 33. Rce1 g5 34. fxg5 d2 35. Rxf7 Nxf7 36. Rd1 e3 0-1

[Event "GER-ch39 V01 email"]
[Site "GER email"]
[Date "2007.04.30"]
[Round "?"]
[White "Mathes, Werner"]
[Black "Wolff, Robert"]
[Result "0-1"]
[WhiteElo "1961"]
[BlackElo "2148"]
[PlyCount "42"]
[EventDate "2007.??.??"]
[EventType "tourn (corr)"]
[EventRounds "9"]
[EventCountry "GER"]
[SourceTitle "Corr 2011"]
[Source "ChessBase"]
[SourceDate "2010.08.31"]
[SourceVersion "1"]
[SourceVersionDate "2010.08.31"]
[SourceQuality "1"]

1. e4 c5 2. Nc3 Nc6 3. g3 g6 4. Bg2 Bg7 5. d3 d6 6. Be3 Nf6 7. h3 0-0 8. Qd2 Rb8 9. Bh6 b5 10. Bxg7 Kxg7 11. f4 b4 12. Nce2 e5 13. Nf3 Ba6 14. Rd1 c4 15. dxc4 Qb6 16. Qd3 Rfe8 17. Nd2 d5 18. Rf1 Rbd8 19. exd5 exf4 20. Rxf4 Qg1+ 21. Bf1 Rxd5 0-1

[Event "GER-ch38 V03 email"]
[Site "GER email"]
[Date "2007.??.??"]
[Round "?"]
[White "Mathes, Werner"]
[Black "Just, Joachim"]
[Result "1/2-1/2"]
[WhiteElo "1997"]
[BlackElo "2076"]
[PlyCount "74"]
[EventDate "2007.??.??"]
[EventType "tourn (corr)"]
[EventRounds "8"]
[EventCountry "GER"]
[SourceTitle "Corr 2008"]
[Source "ChessBase"]
[SourceDate "2008.06.24"]
[SourceVersion "1"]
[SourceVersionDate "2008.06.24"]
[SourceQuality "1"]

1. e4 e6 2. d3 d5 3. Nd2 Nf6 4. Ngf3 Nc6 5. c3 a5 6. e5 Nd7 7. d4 f6 8. Bb5 fxe5 9. dxe5 Be7 10. 0-0 0-0 11. Re1 Nc5 12. Nd4 Bd7 13. Bxc6 Bxc6 14. Nxc6 bxc6 15. Qg4 Qe8 16. Nf3 Qf7 17. Be3 Nd3 18. Re2 c5 19. Rd2 c4 20. b3 Qf5 21. Qxf5 exf5 22. bxc4 dxc4 23. g3 Rab8 24. Re2 Ba3 25. Rd1 Rfe8 26. Bf4 Rb2 27. Rdd2 Rb1+ 28. Kg2 Bc1 29. Rxd3 cxd3 30. Re1 Bxf4 31. Rxb1 Bxe5 32. Re1 d2 33. Nxd2 Kf7 34. c4 a4 35. Nf3 Bf6 36. Rxe8 Kxe8 37. Ne1 Ke7 1/2-1/2

[Event "GER-ch37 V2 email"]
[Site "GER email"]
[Date "2006.??.??"]
[Round "?"]
[White "Hahn, Werner"]
[Black "Mathes, Werner"]
[Result "0-1"]
[WhiteElo "2041"]
[BlackElo "1950"]
[PlyCount "78"]
[EventDate "2006.??.??"]
[EventType "tourn (corr)"]
[EventRounds "10"]
[EventCountry "GER"]
[SourceTitle "Corr 2008"]
[Source "ChessBase"]
[SourceDate "2008.06.24"]
[SourceVersion "1"]
[SourceVersionDate "2008.06.24"]
[SourceQuality "1"]

1. d4 f5 2. e4 fxe4 3. Nc3 Nf6 4. g4 h6 5. f3 d5 6. fxe4 Bxg4 7. Be2 Bxe2 8. Qxe2 dxe4 9. Bf4 Qd7 10. 0-0-0 Na6 11. Be5 0-0-0 12. Nxe4 Nb4 13. Nc5 Qc6 14. c3 Nbd5 15. Nf3 b6 16. Qa6+ Kb8 17. Bg3 Ng4 18. Rhe1 e5 19. Nd3 Bd6 20. Nfxe5 Nxe5 21. Nxe5 Bxe5 22. c4 Nb4 23. Qb5 Qxb5 24. cxb5 Nxa2+ 25. Kc2 Bxg3 26. hxg3 Nb4+ 27. Kb3 Nd5 28. Re5 Rd7 29. Kc4 Rhd8 30. Rde1 Nf6 31. Rd1 Kb7 32. Rd3 a6 33. bxa6+ Kxa6 34. Re6 Re8 35. Rde3 Rxe6 36. Rxe6 Kb7 37. Re5 c6 38. Re6 Nd5 39. Kd3 c5 0-1

[Event "GER-ch37 V2 email"]
[Site "GER email"]
[Date "2006.??.??"]
[Round "?"]
[White "Mathes, Werner"]
[Black "Reichgeld, Manfred"]
[Result "0-1"]
[WhiteElo "1950"]
[BlackElo "2113"]
[PlyCount "72"]
[EventDate "2006.??.??"]
[EventType "tourn (corr)"]
[EventRounds "10"]
[EventCountry "GER"]
[SourceTitle "Corr 2008"]
[Source "ChessBase"]
[SourceDate "2008.06.24"]
[SourceVersion "1"]
[SourceVersionDate "2008.06.24"]
[SourceQuality "1"]

1. e4 e5 2. Nf3 Nc6 3. Bb5 a6 4. Ba4 Nf6 5. 0-0 b5 6. Bb3 Bb7 7. d3 Be7 8. c4 bxc4 9. Bxc4 0-0 10. Nc3 d6 11. a3 Nd4 12. Nxd4 exd4 13. Ne2 d5 14. exd5 Bxd5 15. Nxd4 Bxg2 16. Ne6 fxe6 17. Bxe6+ Kh8 18. Kxg2 Qd6 19. Bc4 Nd7 20. f4 Nb6 21. b3 Rad8 22. Kh1 Nxc4 23. bxc4 Qg6 24. Rf3 Qc6 25. Qf1 Bf6 26. Ra2 Rfe8 27. Kg2 Bd4 28. Re2 Rxe2+ 29. Qxe2 Re8 30. Qd1 Re7 31. Bd2 Qe8 32. f5 Re2+ 33. Kh1 Qe5 34. Rg3 Rf2 35. Bg5 h6 36. Bxh6 Qxf5 0-1

[Event "GER-ch37 V2 email"]
[Site "GER email"]
[Date "2006.??.??"]
[Round "?"]
[White "Mathes, Werner"]
[Black "Trebing, Reinhard"]
[Result "0-1"]
[WhiteElo "1950"]
[BlackElo "2088"]
[PlyCount "114"]
[EventDate "2006.??.??"]
[EventType "tourn (corr)"]
[EventRounds "10"]
[EventCountry "GER"]
[SourceTitle "Corr 2008"]
[Source "ChessBase"]
[SourceDate "2008.06.24"]
[SourceVersion "1"]
[SourceVersionDate "2008.06.24"]
[SourceQuality "1"]

1. e4 c6 2. Nc3 d5 3. Qf3 dxe4 4. Nxe4 Nd7 5. d4 Ndf6 6. Bd3 Qxd4 7. Ne2 Qe5 8. h3 Nxe4 9. Bxe4 Qc7 10. Bf4 Qb6 11. Be3 Qc7 12. 0-0-0 e5 13. Rhe1 Nf6 14. Nc3 Nxe4 15. Qxe4 Be6 16. f4 f5 17. Qxe5 Qxe5 18. fxe5 Bb4 19. a3 Be7 20. Ne2 Rf8 21. Nd4 Bc4 22. Nf3 f4 23. Bf2 b6 24. Re4 b5 25. Red4 Bd5 26. R4d3 Rf7 27. h4 a6 28. Rh1 g6 29. Re1 h6 30. Kb1 0-0-0 31. b4 Re8 32. Kb2 g5 33. hxg5 hxg5 34. Bd4 g4 35. Nh2 Rg8 36. Rg1 Kd7 37. Nf1 Rh7 38. g3 f3 39. Ne3 Be4 40. Rd2 Ke6 41. Bc3 Rh3 42. Rd4 Bf5 43. Rf4 Bg5 44. Rxf5 Bxe3 45. Rf6+ Ke7 46. Re1 Bf2 47. Rf1 Bxg3 48. Bd4 Rh5 49. Rxc6 Bxe5 50. Bxe5 Rxe5 51. Rxa6 g3 52. Rh1 Reg5 53. Rhh6 R5g7 54. Rhb6 Rf7 55. Rb7+ Kf8 56. Rb8+ Kg7 57. Rxb5 g2 0-1

[Event "GER-ch37 V2 email"]
[Site "GER email"]
[Date "2006.??.??"]
[Round "?"]
[White "Thalmann, Frank"]
[Black "Mathes, Werner"]
[Result "1-0"]
[WhiteElo "2323"]
[BlackElo "1950"]
[PlyCount "59"]
[EventDate "2006.??.??"]
[EventType "tourn (corr)"]
[EventRounds "10"]
[EventCountry "GER"]
[SourceTitle "Corr 2008"]
[Source "ChessBase"]
[SourceDate "2008.06.24"]
[SourceVersion "1"]
[SourceVersionDate "2008.06.24"]
[SourceQuality "1"]

1. e4 c5 2. Nf3 d6 3. d4 cxd4 4. Nxd4 Nf6 5. Nc3 g6 6. Be3 Bg7 7. f3 0-0 8. Qd2 Nc6 9. 0-0-0 d5 10. exd5 Nxd5 11. Nxc6 bxc6 12. Nxd5 cxd5 13. Qxd5 Qc7 14. Qc5 Qb7 15. Qa3 Bf5 16. Bd3 Rfb8 17. b3 a5 18. Bxf5 gxf5 19. Qc5 a4 20. b4 Qa6 21. Bd4 e5 22. Be3 Rb5 23. Rd6 Rxc5 24. Rxa6 Rxc2+ 25. Kxc2 Rxa6 26. b5 Ra8 27. b6 Rc8+ 28. Kd2 f4 29. Bf2 Rd8+ 30. Ke2 1-0

[Event "GER-ch35 V6 email"]
[Site "GER email"]
[Date "2003.03.22"]
[Round "?"]
[White "Mathes, Werner"]
[Black "Hartung, Thomas"]
[Result "0-1"]
[WhiteElo "2064"]
[BlackElo "2112"]
[PlyCount "84"]
[EventDate "2003.12.21"]
[EventType "tourn (corr)"]
[EventRounds "10"]
[EventCountry "GER"]
[SourceTitle "Corr 2008"]
[Source "ChessBase"]
[SourceDate "2008.06.24"]
[SourceVersion "1"]
[SourceVersionDate "2008.06.24"]
[SourceQuality "1"]

1. e4 e6 2. d3 d5 3. Nd2 Nc6 4. Ngf3 Nf6 5. g3 dxe4 6. dxe4 Bc5 7. Bg2 e5 8. 0-0 0-0 9. Qe2 Qe7 10. c3 a5 11. Nb3 Bb6 12. Bg5 Rd8 13. Rad1 Be6 14. h3 h6 15. Be3 a4 16. Nc1 Bxe3 17. Qxe3 Rd6 18. Rxd6 Qxd6 19. Re1 Rd8 20. Bf1 Nd7 21. Kh2 Na5 22. Qd3 Nc5 23. Qxd6 Rxd6 24. Nxe5 Rd2 25. b4 axb3 26. axb3 Rxf2+ 27. Kg1 Rc2 28. b4 Nab3 29. Nxb3 Nxb3 30. Re3 Nd2 31. Bg2 Nb1 32. Rd3 Nxc3 33. Rd8+ Kh7 34. Nd7 Kg6 35. Nf8+ Kf6 36. Nxe6 fxe6 37. Rd7 e5 38. h4 Ne2+ 39. Kh2 Nd4 40. Kh3 b5 41. Bf1 Rf2 42. Bg2 c6 0-1

[Event "GER-ch35 V6 email"]
[Site "GER email"]
[Date "2003.03.22"]
[Round "?"]
[White "Schuster, Peter"]
[Black "Mathes, Werner"]
[Result "1-0"]
[WhiteElo "2172"]
[BlackElo "2064"]
[PlyCount "95"]
[EventDate "2003.12.21"]
[EventType "tourn (corr)"]
[EventRounds "10"]
[EventCountry "GER"]
[SourceTitle "Corr 2008"]
[Source "ChessBase"]
[SourceDate "2008.06.24"]
[SourceVersion "1"]
[SourceVersionDate "2008.06.24"]
[SourceQuality "1"]

1. e4 c5 2. Nc3 Nc6 3. Nge2 e5 4. Nd5 Nf6 5. Nec3 Nxd5 6. Nxd5 d6 7. Bc4 Be7 8. d3 Be6 9. 0-0 0-0 10. f4 exf4 11. Bxf4 Ne5 12. Qd2 Ng6 13. a4 Nxf4 14. Qxf4 Bg5 15. Qg3 Rc8 16. c3 Bh4 17. Qf3 a6 18. a5 Bg5 19. g3 Qe8 20. Nb6 Rd8 21. Rae1 Bxc4 22. Nxc4 f6 23. Qf5 Qf7 24. h4 Bh6 25. Qd5 Rfe8 26. Rb1 Re7 27. Rf5 Qe6 28. b4 cxb4 29. Rxb4 Rdd7 30. Rb3 Kh8 31. Qd4 Rd8 32. Rb6 Red7 33. Kg2 Kg8 34. Qd5 Qxd5 35. Rxd5 Kf8 36. Nxd6 Be3 37. d4 Bd2 38. Nxb7 Rxd5 39. exd5 Rxd5 40. Rb3 g5 41. Kf2 gxh4 42. gxh4 Ke7 43. Ke2 Bf4 44. Nc5 Bd6 45. Rb7+ Ke8 46. Ne6 h6 47. c4 Rxa5 48. c5 1-0

[Event "GER-ch34 V7 email"]
[Site "GER email"]
[Date "2002.03.23"]
[Round "?"]
[White "Schuchardt, Guenter"]
[Black "Mathes, Werner"]
[Result "0-1"]
[WhiteElo "2196"]
[BlackElo "2259"]
[PlyCount "86"]
[EventDate "2002.03.23"]
[EventType "tourn (corr)"]
[EventRounds "10"]
[EventCountry "GER"]
[SourceTitle "Corr 2008"]
[Source "ChessBase"]
[SourceDate "2008.06.24"]
[SourceVersion "1"]
[SourceVersionDate "2008.06.24"]
[SourceQuality "1"]

1. e4 c5 2. c3 b6 3. d4 Bb7 4. Bd3 Nf6 5. Qe2 cxd4 6. cxd4 Nc6 7. Nf3 Nb4 8. Nc3 Nxd3+ 9. Qxd3 e6 10. Bg5 Be7 11. 0-0 0-0 12. Nd2 d5 13. e5 Nd7 14. Bxe7 Qxe7 15. f4 a5 16. Rfc1 Ba6 17. Qe3 Rfc8 18. a4 Rc6 19. Rc2 Rac8 20. Rac1 Qh4 21. Nf3 Qg4 22. Ne1 Nb8 23. h3 Qg6 24. g4 Bc4 25. Rh2 Na6 26. Rcc2 Nb4 27. Rcg2 Na2 28. Nxa2 Bxa2 29. Rc2 Rxc2 30. Nxc2 h5 31. Na3 hxg4 32. Rg2 Qe4 33. Qxe4 dxe4 34. hxg4 Rc1+ 35. Kf2 Rd1 36. Nb5 Rd2+ 37. Kg3 Rd3+ 38. Kh4 Bb3 39. Nc3 Rxd4 40. Re2 Bxa4 41. Rxe4 Rxe4 42. Nxe4 Bc6 43. Nc3 b5 0-1

[Event "GER-ch33 V5 email"]
[Site "GER email"]
[Date "2002.??.??"]
[Round "?"]
[White "Christ, Ralf"]
[Black "Mathes, Werner"]
[Result "1-0"]
[WhiteElo "2169"]
[BlackElo "2259"]
[PlyCount "65"]
[EventDate "2002.12.28"]
[EventType "tourn (corr)"]
[EventRounds "14"]
[EventCountry "GER"]
[SourceTitle "Corr 2008"]
[Source "ChessBase"]
[SourceDate "2008.06.24"]
[SourceVersion "1"]
[SourceVersionDate "2008.06.24"]
[SourceQuality "1"]

1. e4 c5 2. Nf3 d6 3. d4 cxd4 4. Nxd4 Nf6 5. Nc3 a6 6. Be3 e6 7. f3 b5 8. g4 h6 9. Qd2 b4 10. Nce2 d5 11. e5 Nfd7 12. f4 Bb7 13. 0-0-0 Nb6 14. Qd3 Nc4 15. Bg2 Bc5 16. h4 Nd7 17. h5 a5 18. Bg1 Qb6 19. b3 Na3 20. f5 Nxe5 21. Qg3 Nd7 22. fxe6 fxe6 23. g5 e5 24. Nf5 Rc8 25. c4 g6 26. Ng7+ Kf7 27. Bxd5+ Kxg7 28. Bg2 Qc7 29. Rxd7+ Qxd7 30. Qxe5+ Kg8 31. Bxb7 Qxb7 32. Qe6+ Kf8 33. Bxc5+ 1-0

[Event "GER-ch32 V04 email"]
[Site "GER email"]
[Date "2002.??.??"]
[Round "?"]
[White "Mathes, Werner"]
[Black "Nicklich, Wolfgang"]
[Result "0-1"]
[WhiteElo "2015"]
[BlackElo "2196"]
[PlyCount "59"]
[EventDate "2001.??.??"]
[EventType "tourn (corr)"]
[EventRounds "12"]
[EventCountry "GER"]
[SourceTitle "Corr 2011"]
[Source "ChessBase"]
[SourceDate "2010.08.31"]
[SourceVersion "1"]
[SourceVersionDate "2010.08.31"]
[SourceQuality "1"]

1. e4 c5 2. Nf3 d6 3. d4 cxd4 4. Nxd4 Nf6 5. Nc3 Nc6 6. Be2 e5 7. Nb3 Be7 8. 0-0 0-0 9. Kh1 a5 10. a4 Nb4 11. f4 Qb6 12. g4 Qc6 13. Bf3 h6 14. f5 Rd8 15. g5 hxg5 16. Bxg5 Qb6 17. Bg2 Qc7 18. Qe2 b6 19. Rg1 Ba6 20. Qd2 Bb7 21. Bf3 d5 22. Bh6 Ne8 23. Bxg7 Nxg7 24. Qh6 Bg5 25. Rxg5 f6 26. Rxg7+ Qxg7 27. Rg1 Qxg1+ 28. Kxg1 Rf8 29. exd5 Rf7 30. Ne4 0-1

[Event "GER-ch32 V04 email"]
[Site "GER email"]
[Date "2002.??.??"]
[Round "?"]
[White "Mathes, Werner"]
[Black "Polzer, Hans"]
[Result "1/2-1/2"]
[WhiteElo "2015"]
[BlackElo "2111"]
[PlyCount "87"]
[EventDate "2001.??.??"]
[EventType "tourn (corr)"]
[EventRounds "12"]
[EventCountry "GER"]
[SourceTitle "Corr 2011"]
[Source "ChessBase"]
[SourceDate "2010.08.31"]
[SourceVersion "1"]
[SourceVersionDate "2010.08.31"]
[SourceQuality "1"]

1. e4 d6 2. d4 Nf6 3. Nc3 c6 4. f4 Qa5 5. Bd3 e5 6. Nge2 Bg4 7. Qd2 Nbd7 8. 0-0 Be7 9. h3 Bxe2 10. Nxe2 Qxd2 11. Bxd2 0-0-0 12. Bc3 Rde8 13. Ng3 h5 14. Rae1 Bf8 15. a3 Kb8 16. b4 exd4 17. Bxd4 c5 18. bxc5 Nxc5 19. Bb5 Rc8 20. Bxf6 gxf6 21. Rf2 Ne6 22. Rd1 Ng7 23. Rd5 Rc3 24. Rd3 Rc5 25. Rb3 h4 26. Nf1 f5 27. Bd3 fxe4 28. Bxe4 d5 29. Bf3 Rc7 30. Rd2 Bc5+ 31. Kh1 d4 32. c3 dxc3 33. Rxc3 Bd6 34. Rxc7 Kxc7 35. Bxb7 Bxa3 36. Bf3 Ne6 37. Ne3 Nxf4 38. Rc2+ Kd7 39. Bg4+ Ke7 40. Rc7+ Kf6 41. Rxa7 Bc5 42. Ra6+ Ne6 43. Nf5 Ke5 44. Ra1 1/2-1/2